| 000 | 00950cam a22001691 4500 | ||
|---|---|---|---|
| 082 |
_a355.02 _bROS |
||
| 100 | 1 |
_aRose, John Holland, _949547 |
|
| 245 | 1 | 4 |
_aThe indecisiveness of modern war and other essays, _cby J. Holland Rose. |
| 260 |
_aLondon, _bG. Bell and sons, ltd. _c1927. |
||
| 300 |
_avii, 204 p. _c23 cm. |
||
| 505 | 0 | _aThe indecisiveness of modern naval war.--The indecisiveness of modern land war.--Plans of invasion of the British Isles.--The struggle for the Mediterranean in the eighteenth century.--The influence of sea power on Indian history (1746-1802)--Napoleon and sea power.--The prophetic instinct in Nelson.--The state of Nelson's fleet before Trafalgar.--The British title to Malta.--Admiral Duckworth's failure at Constantinople in 1807.--Chivalry and the sea. | |
| 526 |
_a0 _b0 _c0 _d355_020000000000000_ROS |
||
| 650 | 0 |
_aMCE _9379 |
|
| 650 | 0 |
_aNaval history. _949548 |
|
| 650 | 0 |
_aSea-power. _949341 |
|
| 942 |
_2ddc _cBK |
||
| 999 |
_c552323 _d552323 |
||